ELEMENTS OF MINING TECHNOLOGY I (Record no. 5046)

MARC details
000 -LEADER
fixed length control field 00403nam a22001697a 4500
005 - DATE AND TIME OF LATEST TRANSACTION
control field 20250911122715.0
008 - FIXED-LENGTH DATA ELEMENTS--GENERAL INFORMATION
fixed length control field 160701b xxu||||| |||| 00| 0 eng d
020 ## - INTERNATIONAL STANDARD BOOK NUMBER
ISBN 978-81-89904-33-3
041 ## - LANGUAGE CODE
Language code of text/sound track or separate title eng
082 ## - DEWEY DECIMAL CLASSIFICATION NUMBER
Item number 622 DES-E
100 ## - MAIN ENTRY--AUTHOR NAME
Personal name DESHMUKH D J
245 ## - TITLE STATEMENT
Title ELEMENTS OF MINING TECHNOLOGY I
260 ## - PUBLICATION, DISTRIBUTION, ETC. (IMPRINT)
Name of publisher DENETT
300 ## - PHYSICAL DESCRIPTION
Number of Pages 350
650 ## - SUBJECT ADDED ENTRY--TOPICAL TERM
Topical Term Diploma Engineering
942 ## - ADDED ENTRY ELEMENTS (KOHA)
Koha item type Books
Holdings
Lost status Damaged status Home library Current library Shelving location Date acquired Cost, normal purchase price Full call number Accession Number Koha item type Collection code Source of acquisition
    JRU Library   SHELF-100-C 01/07/2016 275.00 622 20309 Books    
    JRU Library JRU Library SHELF-100-C 01/07/2016 275.00 622 20310 Books MINING  
    JRU Library   SHELF-100-C 01/07/2016 275.00 622 20311 Books    
    JRU Library JRU Library SHELF-100-C 19/09/2017 275.00 622 22071 Books MINING Purchase
    JRU Library JRU Library SHELF-100-C 19/09/2017 275.00 622 22072 Books MINING Purchase
    JRU Library JRU Library SHELF-100-C 10/09/2025 400.00 622 28866 Books MINING PURCHASE
    JRU Library JRU Library SHELF-100-C 10/09/2025 400.00 622 28867 Books MINING PURCHASE
    JRU Library JRU Library SHELF-100-C 10/09/2025 400.00 622 28868 Books MINING PURCHASE
    JRU Library JRU Library SHELF-100-C 10/09/2025 400.00 622 28869 Books MINING PURCHASE